[Event "GER-ch Net blitz qual1"]
[Site "Playchess.com INT"]
[Date "2021.04.24"]
[Round "4"]
[White "Nilius, Uwe"]
[Black "Albert, Gerhard"]
[Result "0-1"]
[WhiteElo "1607"]
[BlackElo "1823"]
[PlyCount "70"]
[EventDate "2021.04.24"]
[EventType "swiss (blitz)"]
[EventRounds "11"]
[EventCountry "GER"]
[SourceTitle "CBM 202 Extra"]
[Source "ChessBase"]
[SourceDate "2021.07.31"]
[SourceVersion "1"]
[SourceVersionDate "2021.07.31"]
[SourceQuality "1"]

1. d4 d5 2. Nf3 Nf6 3. c4 e6 4. Nc3 c6 5. Bf4 Nbd7 6. e3 Be7 7. Qc2 0-0 8. Rd1 h6 9. Be2 Nh5 10. Be5 Nhf6 11. 0-0 Nxe5 12. Nxe5 Nh7 13. Bd3 Nf6 14. cxd5 exd5 15. Rfe1 Ng4 16. e4 Nxe5 17. dxe5 dxe4 18. Nxe4 Qc7 19. f4 Be6 20. a3 Rfd8 21. Ng3 Qb6+ 22. Kh1 Rd4 23. f5 Bd5 24. f6 gxf6 25. exf6 Bxf6 26. Nf5 Bb3 27. Nxh6+ Kf8 28. Qf2 Bh4 29. Qxf7+ Bxf7 30. Rf1 Kg7 31. Nf5+ Kh8 32. Nxh4 Rxh4 33. Rxf7 Qxb2 34. Rb1 Qd2 35. Rbxb7 Qxd3 0-1

[Event "GER-ch Net blitz qual1"]
[Site "Playchess.com INT"]
[Date "2021.04.24"]
[Round "3"]
[White "Nilius, Uwe"]
[Black "Fruth, David"]
[Result "1-0"]
[WhiteElo "1607"]
[BlackElo "1789"]
[PlyCount "109"]
[EventDate "2021.04.24"]
[EventType "swiss (blitz)"]
[EventRounds "11"]
[EventCountry "GER"]
[SourceTitle "CBM 202 Extra"]
[Source "ChessBase"]
[SourceDate "2021.07.31"]
[SourceVersion "1"]
[SourceVersionDate "2021.07.31"]
[SourceQuality "1"]

1. d4 Nf6 2. Nf3 g6 3. c4 Bg7 4. Nc3 0-0 5. Bf4 d6 6. e3 Nbd7 7. Be2 c5 8. 0-0 cxd4 9. exd4 Nh5 10. Be3 Nhf6 11. Qc2 Ng4 12. Rad1 f5 13. h3 Nxe3 14. fxe3 Qe8 15. Rfe1 e5 16. Nd5 exd4 17. exd4 Rb8 18. b4 Nf6 19. Bd3 Qd7 20. Ng5 Nxd5 21. cxd5 Bxd4+ 22. Kh1 Bg7 23. Ne6 Re8 24. Nc7 Rxe1+ 25. Rxe1 Qf7 26. Re8+ Bf8 27. Bb5 Bd7 28. Rxb8 Bxb5 29. Rxb7 Ba6 30. Rxa7 Bc8 31. Qf2 Qe7 32. Ne6 Qxa7 33. Qxa7 Bxe6 34. dxe6 Bg7 35. e7 Bf8 36. exf8Q+ Kxf8 37. Qb8+ Ke7 38. Qc7+ Ke6 39. Kg1 d5 40. Kf2 d4 41. Ke2 Kd5 42. Kd3 h6 43. Qc5+ Ke6 44. Kxd4 f4 45. a4 g5 46. a5 Kd7 47. a6 g4 48. hxg4 f3 49. gxf3 h5 50. gxh5 Kd8 51. a7 Kd7 52. a8Q Ke6 53. Qe5+ Kd7 54. Qb7+ Kd8 55. Qee7# 1-0

[Event "GER-ch Net blitz qual1"]
[Site "Playchess.com INT"]
[Date "2021.04.24"]
[Round "11"]
[White "Nilius, Uwe"]
[Black "Meschke, Andreas"]
[Result "0-1"]
[WhiteElo "1607"]
[BlackElo "1745"]
[PlyCount "154"]
[EventDate "2021.04.24"]
[EventType "swiss (blitz)"]
[EventRounds "11"]
[EventCountry "GER"]
[SourceTitle "CBM 202 Extra"]
[Source "ChessBase"]
[SourceDate "2021.07.31"]
[SourceVersion "1"]
[SourceVersionDate "2021.07.31"]
[SourceQuality "1"]

1. d4 d5 2. Nf3 c6 3. c4 e6 4. Nc3 Nd7 5. Bf4 Ngf6 6. e3 Qb6 7. Qb3 Bb4 8. c5 Qa5 9. Bd3 0-0 10. 0-0 Bxc3 11. Qxc3 Qxc3 12. bxc3 b6 13. Bd6 Re8 14. c4 Ba6 15. Rac1 bxc5 16. dxc5 e5 17. Be2 Ne4 18. Rfd1 Nxd6 19. cxd6 Nb6 20. Kf1 Bxc4 21. Bxc4 Nxc4 22. e4 Nxd6 23. exd5 cxd5 24. Rxd5 e4 25. Rxd6 exf3 26. gxf3 Kf8 27. Ra6 Re7 28. Rc3 Rb8 29. Rca3 Rbb7 30. Re3 f6 31. Ke2 Kf7 32. a4 Rxe3+ 33. fxe3 Kg6 34. Kd3 Kf5 35. Ra5+ Kg6 36. h4 h5 37. Ke4 Rb4+ 38. Kd5 Rxh4 39. Rxa7 Rh3 40. Ke4 Rh1 41. a5 Ra1 42. a6 Ra4+ 43. Kd3 h4 44. Ke2 h3 45. Kf2 Ra2+ 46. Kg1 Kf5 47. Rxg7 Rxa6 48. Rh7 Ra3 49. Rxh3 Rxe3 50. Kf2 Ra3 51. Rh5+ Ke6 52. Kg3 f5 53. Kf4 Ra4+ 54. Kg5 Ke5 55. Kg6 Ra6+ 56. Kg5 Ra4 57. Kg6 Rf4 58. Kg5 Rxf3 59. Rh2 Rg3+ 60. Kh4 Rg4+ 61. Kh3 Kf4 62. Rf2+ Kg5 63. Rf3 Rh4+ 64. Kg3 f4+ 65. Kg2 Kg4 66. Ra3 Rh5 67. Rf3 Rd5 68. Rf2 Rd3 69. Kf1 f3 70. Kg1 Kg3 71. Rf1 Rd2 72. Kh1 Re2 73. Kg1 f2+ 74. Kh1 Kf3 75. Kh2 Re4 76. Rxf2+ Kxf2 77. Kh1 Rh4# 0-1

[Event "GER-ch Net blitz qual1"]
[Site "Playchess.com INT"]
[Date "2021.04.24"]
[Round "1"]
[White "Nilius, Uwe"]
[Black "Schondorf, Andree"]
[Result "0-1"]
[WhiteElo "1607"]
[BlackElo "1857"]
[PlyCount "56"]
[EventDate "2021.04.24"]
[EventType "swiss (blitz)"]
[EventRounds "11"]
[EventCountry "GER"]
[SourceTitle "CBM 202 Extra"]
[Source "ChessBase"]
[SourceDate "2021.07.31"]
[SourceVersion "1"]
[SourceVersionDate "2021.07.31"]
[SourceQuality "1"]

1. d4 d5 2. Nf3 Nf6 3. c4 e6 4. Nc3 c6 5. Bf4 Be7 6. e3 0-0 7. Qc2 b6 8. Be2 Bb7 9. 0-0 Nbd7 10. Rad1 Rc8 11. b3 Nh5 12. Be5 Nxe5 13. Nxe5 Nf6 14. Bf3 c5 15. Rfe1 cxd4 16. Rxd4 Bc5 17. Rh4 g6 18. g3 Qe7 19. Ng4 Nxg4 20. Bxg4 dxc4 21. bxc4 Bb4 22. Rd1 Rxc4 23. Rd3 Rfc8 24. Be2 Rxc3 25. Rxc3 Rxc3 26. Qb2 Ba5 27. Ra4 Qc7 28. Qd2 Rc1+ 0-1

[Event "GER-ch Net blitz qual1"]
[Site "Playchess.com INT"]
[Date "2021.04.24"]
[Round "6"]
[White "Schmidt, Gunar"]
[Black "Nilius, Uwe"]
[Result "1/2-1/2"]
[WhiteElo "1531"]
[BlackElo "1607"]
[PlyCount "95"]
[EventDate "2021.04.24"]
[EventType "swiss (blitz)"]
[EventRounds "11"]
[EventCountry "GER"]
[SourceTitle "CBM 202 Extra"]
[Source "ChessBase"]
[SourceDate "2021.07.31"]
[SourceVersion "1"]
[SourceVersionDate "2021.07.31"]
[SourceQuality "1"]

1. e4 d5 2. d4 dxe4 3. Nc3 f5 4. f3 Nf6 5. fxe4 fxe4 6. Bg5 Bg4 7. Be2 Qd7 8. Bxf6 Bxe2 9. Qxe2 exf6 10. Qxe4+ Qe7 11. 0-0-0 Qxe4 12. Nxe4 Nc6 13. Nf3 0-0-0 14. Rhe1 Bb4 15. c3 Bd6 16. Nxd6+ Rxd6 17. Re4 Rhd8 18. Rde1 b6 19. Re8 Kd7 20. Rxd8+ Nxd8 21. c4 Ne6 22. d5 Nf4 23. Re2 c6 24. Rd2 cxd5 25. cxd5 Rxd5 26. g3 Rxd2 27. Kxd2 Ng6 28. Nd4 Ke8 29. Nf5 Kf7 30. Nd6+ Ke6 31. Nc8 Ne5 32. Nxa7 Nf3+ 33. Ke3 Nxh2 34. Nc8 b5 35. Na7 b4 36. Nc6 Nf1+ 37. Kf2 Nd2 38. Nxb4 Nc4 39. b3 Ne5 40. a4 Kd6 41. a5 Kc5 42. a6 Kb6 43. Ke3 g5 44. Ke4 h5 45. Kf5 h4 46. gxh4 gxh4 47. Nd5+ Kxa6 48. Nf4 1/2-1/2

[Event "DSOL 04 Liga Gr-C 1st"]
[Site "Playchess.com INT"]
[Date "2020.08.06"]
[Round "7.3"]
[White "Nilius, Uwe"]
[Black "Solar, Peter"]
[Result "0-1"]
[WhiteElo "1658"]
[BlackElo "1826"]
[PlyCount "100"]
[EventDate "2020.06.22"]
[EventType "team-tourn (rapid)"]
[EventCountry "GER"]
[SourceTitle "EXT 2021"]
[Source "ChessBase"]
[SourceDate "2020.10.23"]
[SourceVersion "1"]
[SourceVersionDate "2020.10.23"]
[SourceQuality "1"]
[WhiteTeam "Lauenburg SV"]
[BlackTeam "Segeberg SF"]
[WhiteTeamCountry "GER"]
[BlackTeamCountry "GER"]

1. d4 Nf6 2. Nf3 d5 3. c4 c6 4. Nc3 e6 5. Bf4 Qa5 6. a3 Ne4 7. Bd2 Nxd2 8. Nxd2 Nd7 9. e3 Qd8 10. Bd3 Bd6 11. Qc2 f5 12. Nf3 b6 13. cxd5 cxd5 14. Nb5 Bb8 15. Rc1 Bb7 16. Nc7+ Bxc7 17. Qxc7 Rc8 18. Qxd8+ Kxd8 19. 0-0 Ke7 20. Rc3 Rxc3 21. bxc3 Rc8 22. Rc1 Bc6 23. Kf1 Ba4 24. Ke1 b5 25. Kd2 Nb6 26. Ne5 Nc4+ 27. Nxc4 bxc4 28. Bc2 Bxc2 29. Kxc2 Rb8 30. Rb1 Rxb1 31. Kxb1 g5 32. Kc2 h5 33. Kd2 f4 34. Ke2 e5 35. dxe5 Ke6 36. exf4 gxf4 37. Kd2 Kxe5 38. f3 h4 39. a4 d4 40. cxd4+ Kxd4 41. a5 c3+ 42. Kc2 a6 43. Kc1 Kd3 44. Kd1 c2+ 45. Kc1 Kc3 46. h3 Kd3 47. g4 fxg3 48. f4 Kc3 49. f5 g2 50. f6 g1Q# 0-1

[Event "GER-ch Net Amateur Gr-B Vor3"]
[Site "Playchess.com INT"]
[Date "2020.04.16"]
[Round "8"]
[White "Banzhaf, Steffen"]
[Black "Nilius, Uwe"]
[Result "0-1"]
[WhiteElo "1470"]
[BlackElo "1621"]
[PlyCount "92"]
[EventDate "2020.04.16"]
[EventType "swiss (blitz)"]
[EventRounds "9"]
[EventCountry "GER"]
[SourceTitle "CBM 195 Extra"]
[Source "ChessBase"]
[SourceDate "2020.05.31"]
[SourceVersion "1"]
[SourceVersionDate "2020.05.31"]
[SourceQuality "1"]

1. e4 c5 2. Nf3 Nc6 3. Bb5 d6 4. Bxc6+ bxc6 5. c4 g6 6. Nc3 Bg7 7. d3 Nf6 8. 0-0 0-0 9. Be3 Bg4 10. h3 Be6 11. Ng5 Bd7 12. f4 h6 13. Nf3 Qb6 14. Qb3 Rab8 15. Nd2 Nh5 16. g4 Nf6 17. g5 hxg5 18. fxg5 Nh5 19. h4 Bh3 20. Rf2 Be5 21. Qxb6 Rxb6 22. Na4 Rb4 23. Nc3 Rfb8 24. Nb3 a5 25. Re1 a4 26. Na5 Rxb2 27. Rxb2 Rxb2 28. Ne2 Ng3 29. Kf2 Nxe2 30. Rxe2 Bg3+ 31. Kxg3 Rxe2 32. Bf2 Bd7 33. Kf3 Rxa2 34. Nb7 a3 35. Na5 Rb2 36. d4 a2 37. dxc5 a1Q 38. Bd4 Qf1+ 39. Ke3 Re2+ 40. Kd3 Qd1+ 41. Kc3 Qc2+ 42. Kb4 Qb1+ 43. Nb3 Rb2 44. Bxb2 Qxb2 45. Ka4 dxc5 46. Na5 Qb4# 0-1

[Event "GER-ch Net Amateur Gr-B Vor3"]
[Site "Playchess.com INT"]
[Date "2020.04.16"]
[Round "5"]
[White "Kanbach, Mike"]
[Black "Nilius, Uwe"]
[Result "1/2-1/2"]
[WhiteElo "1464"]
[BlackElo "1621"]
[PlyCount "65"]
[EventDate "2020.04.16"]
[EventType "swiss (blitz)"]
[EventRounds "9"]
[EventCountry "GER"]
[SourceTitle "CBM 195 Extra"]
[Source "ChessBase"]
[SourceDate "2020.05.31"]
[SourceVersion "1"]
[SourceVersionDate "2020.05.31"]
[SourceQuality "1"]

1. Nf3 d5 2. d4 c6 3. e3 Nf6 4. Ne5 Bf5 5. g4 Bg6 6. h4 h5 7. Nxg6 fxg6 8. g5 Ne4 9. Bg2 Nd6 10. Qd3 Kf7 11. e4 e6 12. Nc3 Na6 13. a3 Be7 14. Bf4 Rf8 15. Bh3 dxe4 16. Nxe4 Nf5 17. 0-0-0 Rc8 18. Be5 c5 19. dxc5 Qxd3 20. Rxd3 Nxc5 21. Nxc5 Rxc5 22. Bc3 Rd8 23. Rhd1 Rcd5 24. Rxd5 Rxd5 25. Rxd5 exd5 26. Bxf5 gxf5 27. Be5 g6 28. f4 Ke6 29. Kd2 Bc5 30. Ke2 d4 31. Kd3 Kd5 32. b4 Bb6 33. Bf6 1/2-1/2

[Event "GER-ch Net Amateur Gr-B Vor3"]
[Site "Playchess.com INT"]
[Date "2020.04.16"]
[Round "9"]
[White "Nilius, Uwe"]
[Black "Neuhoff, Laertes"]
[Result "0-1"]
[WhiteElo "1621"]
[BlackElo "1490"]
[PlyCount "48"]
[EventDate "2020.04.16"]
[EventType "swiss (blitz)"]
[EventRounds "9"]
[EventCountry "GER"]
[SourceTitle "CBM 195 Extra"]
[Source "ChessBase"]
[SourceDate "2020.05.31"]
[SourceVersion "1"]
[SourceVersionDate "2020.05.31"]
[SourceQuality "1"]

1. d4 d5 2. Nf3 Nf6 3. c4 e6 4. Nc3 c6 5. Bf4 Nbd7 6. e3 Be7 7. Qc2 0-0 8. Rd1 Nb6 9. b3 Bb4 10. Be2 Ne4 11. Rd3 Nxc3 12. Rxc3 Bxc3+ 13. Qxc3 dxc4 14. bxc4 Na4 15. Qb3 Qa5+ 16. Nd2 Nc3 17. Bd6 Nxe2 18. Bxf8 Nc1 19. Qa3 Nd3+ 20. Ke2 Bd7 21. Bxg7 Qxa3 22. Ne4 Kxg7 23. Rd1 Qxa2+ 24. Kf3 Qxc4 0-1

[Event "GER-ch Net Amateur Gr-B Vor1"]
[Site "Playchess.com INT"]
[Date "2020.04.14"]
[Round "4"]
[White "Hendrich, Daniel"]
[Black "Nilius, Uwe"]
[Result "1-0"]
[WhiteElo "1694"]
[BlackElo "1552"]
[PlyCount "111"]
[EventDate "2020.04.14"]
[EventType "swiss (blitz)"]
[EventRounds "9"]
[EventCountry "GER"]
[SourceTitle "EXT 2021"]
[Source "ChessBase"]
[SourceDate "2020.10.23"]
[SourceVersion "1"]
[SourceVersionDate "2020.10.23"]
[SourceQuality "1"]

1. e4 c5 2. Nf3 Nc6 3. d4 cxd4 4. Nxd4 d6 5. Nc3 g6 6. Be3 Bg7 7. f3 Nf6 8. Qd2 Be6 9. Nxe6 fxe6 10. Bc4 e5 11. 0-0-0 Qa5 12. Nd5 Qxd2+ 13. Rxd2 Nxd5 14. Bxd5 0-0-0 15. Bg5 Bf6 16. Bxf6 exf6 17. Be6+ Kc7 18. Rhd1 Nd4 19. Bc4 b5 20. Bd5 Rhf8 21. c3 Nc6 22. Kc2 f5 23. exf5 gxf5 24. a3 Ne7 25. Bb3 f4 26. c4 a6 27. cxb5 axb5 28. a4 Nf5 29. Kc3 Ne3 30. Rc1 bxa4 31. Bxa4 Kb6 32. Kb4 d5 33. Rc6+ Kb7 34. Re6 Nc4 35. Re7+ Kb6 36. Rc2 Rc8 37. b3 Ne3 38. Rxc8 Rxc8 39. Re6+ Kc7 40. Rxe5 Rb8+ 41. Kc5 Nxg2 42. Re7+ Kd8 43. Rxh7 Rc8+ 44. Kxd5 Ne3+ 45. Ke4 Rc3 46. Kxf4 Ng2+ 47. Kg3 Ne1 48. Rf7 Nc2 49. h4 Nd4 50. h5 Nxb3 51. Bxb3 Rxb3 52. h6 Ke8 53. h7 Kxf7 54. h8Q Rb1 55. Qh7+ Kf6 56. Qxb1 1-0

[Event "GER-ch Net blitz qual4"]
[Site "Playchess.com INT"]
[Date "2020.03.23"]
[Round "1"]
[White "Nilius, Uwe"]
[Black "Bente, Bjoern"]
[Result "0-1"]
[WhiteElo "1659"]
[BlackElo "2223"]
[PlyCount "104"]
[EventDate "2020.03.23"]
[EventType "swiss (blitz)"]
[EventRounds "9"]
[EventCountry "GER"]
[SourceTitle "CBM 195 Extra"]
[Source "ChessBase"]
[SourceDate "2020.05.31"]
[SourceVersion "1"]
[SourceVersionDate "2020.05.31"]
[SourceQuality "1"]

1. d4 e6 2. Nf3 d5 3. c4 c6 4. Nc3 dxc4 5. Bf4 Nf6 6. e3 b5 7. Be2 Bb7 8. Qc2 Bd6 9. 0-0 Bxf4 10. exf4 0-0 11. Rad1 Nbd7 12. Ne5 a6 13. Bf3 Qc7 14. Rfe1 c5 15. dxc5 Bxf3 16. gxf3 Nxc5 17. Ne4 Nfxe4 18. fxe4 Rad8 19. Rd2 f6 20. Rxd8 Rxd8 21. Nxc4 bxc4 22. Qxc4 Qb6 23. b4 Nb7 24. f5 Kh8 25. fxe6 Re8 26. e7 Nd6 27. Qe6 Nc8 28. Qd7 Qb5 29. Qd8 Nxe7 30. a4 Rxd8 31. axb5 axb5 32. Ra1 Rd4 33. Ra8+ Ng8 34. Rb8 Rxb4 35. f3 h6 36. Kf2 Kh7 37. Ke3 Rb2 38. Kd4 Ne7 39. Kc5 Ng6 40. Rxb5 Rxb5+ 41. Kxb5 Nh4 42. f4 Kg6 43. Kc4 Ng2 44. f5+ Kg5 45. Kd4 Kf4 46. Kd5 Nh4 47. Kd4 Nf3+ 48. Kd5 Ng5 49. Kd4 Nxe4 50. Kd5 Kxf5 51. h4 h5 52. Kd4 Ng3 0-1

[Event "GER-ch Net blitz qual4"]
[Site "Playchess.com INT"]
[Date "2020.03.23"]
[Round "4"]
[White "Nilius, Uwe"]
[Black "Chassard, Cedric"]
[Result "0-1"]
[WhiteElo "1659"]
[BlackElo "1938"]
[PlyCount "160"]
[EventDate "2020.03.23"]
[EventType "swiss (blitz)"]
[EventRounds "9"]
[EventCountry "GER"]
[SourceTitle "CBM 195 Extra"]
[Source "ChessBase"]
[SourceDate "2020.05.31"]
[SourceVersion "1"]
[SourceVersionDate "2020.05.31"]
[SourceQuality "1"]

1. d4 Nf6 2. c4 e6 3. Nc3 Bb4 4. Qb3 c5 5. e3 0-0 6. Nf3 Ne4 7. Be2 Qa5 8. Bd2 Nxd2 9. Nxd2 Nc6 10. dxc5 Qxc5 11. 0-0 Na5 12. Qc2 Bxc3 13. Qxc3 d5 14. b4 Qc7 15. bxa5 Bd7 16. Rac1 Bc6 17. cxd5 exd5 18. Bf3 Qd6 19. Rfd1 Rfd8 20. Nb3 Rac8 21. Qd4 a6 22. e4 Qg6 23. exd5 h6 24. Qe4 Qxe4 25. Bxe4 Bd7 26. Rxc8 Rxc8 27. h3 Kf8 28. Rc1 Re8 29. f3 Ke7 30. Nc5 Bc8 31. Kf2 Kd6 32. Nd3 f5 33. Rxc8 Rxc8 34. Bxf5 Rc2+ 35. Kg3 Rxa2 36. Nb4 Rxa5 37. Be4 Rb5 38. Nd3 a5 39. Kf4 a4 40. Nc1 a3 41. Na2 Rb2 42. Nc3 a2 43. Nxa2 Rxa2 44. Ke3 b5 45. g4 b4 46. Kd3 Ra8 47. Kc4 Rb8 48. Kb3 Ke5 49. h4 Kf4 50. h5 Ke5 51. Kb2 Kd4 52. d6 Kc5 53. d7 Kd6 54. Bf5 Ke5 55. Kb3 Kf4 56. Be4 Rd8 57. Kxb4 Rxd7 58. Kc5 Rd2 59. Kc4 Rf2 60. Kd4 Rxf3 61. Bxf3 Kxf3 62. Ke5 Kxg4 63. Ke6 Kxh5 64. Kf5 g5 65. Ke4 g4 66. Ke3 Kg5 67. Kf2 h5 68. Kg3 h4+ 69. Kg2 Kf4 70. Kf2 h3 71. Kg1 g3 72. Kh1 Kf3 73. Kg1 g2 74. Kh2 Kf2 75. Kxh3 g1Q 76. Kh4 Kf3 77. Kh5 Kf4 78. Kh6 Kf5 79. Kh7 Kf6 80. Kh8 Qg7# 0-1

[Event "GER-ch Net blitz qual4"]
[Site "Playchess.com INT"]
[Date "2020.03.23"]
[Round "6"]
[White "Nilius, Uwe"]
[Black "Rott, Georg"]
[Result "0-1"]
[WhiteElo "1659"]
[BlackElo "2149"]
[PlyCount "116"]
[EventDate "2020.03.23"]
[EventType "swiss (blitz)"]
[EventRounds "9"]
[EventCountry "GER"]
[SourceTitle "CBM 195 Extra"]
[Source "ChessBase"]
[SourceDate "2020.05.31"]
[SourceVersion "1"]
[SourceVersionDate "2020.05.31"]
[SourceQuality "1"]

1. d4 d5 2. Nf3 Nf6 3. c4 c6 4. Nc3 dxc4 5. Bf4 Bf5 6. e3 b5 7. Be2 Nbd7 8. 0-0 e6 9. h3 h6 10. Ne5 Nxe5 11. Bxe5 Bd6 12. Bf3 Rc8 13. e4 Bg6 14. Bxd6 Qxd6 15. e5 Qd7 16. exf6 gxf6 17. Qd2 Kf8 18. Rad1 Kg7 19. Ne4 Qe7 20. Qf4 Rhd8 21. h4 e5 22. dxe5 Qxe5 23. Qxe5 fxe5 24. Rxd8 Rxd8 25. h5 Bh7 26. Re1 f5 27. Nc5 Kf6 28. Bxc6 e4 29. Bxb5 Rd5 30. Nd7+ Ke7 31. Ba4 Rxd7 32. Bxd7 Kxd7 33. Kf1 Kd6 34. Rd1+ Kc6 35. Ke2 Bg8 36. Ke3 Bf7 37. Rd8 Bxh5 38. Rh8 Bd1 39. Rxh6+ Kb5 40. Kd4 Be2 41. a3 a5 42. Rh8 Bf1 43. g3 Ka4 44. Rb8 Bd3 45. Kc5 Be2 46. Kb6 Kb3 47. Kxa5+ Kc2 48. a4 Bd3 49. Ka6 c3+ 50. Kb6 cxb2 51. Kc5 b1Q 52. Rxb1 Kxb1 53. a5 Kc2 54. Kd4 Kd2 55. Ke5 Ke2 56. Kxf5 e3+ 57. Kf4 exf2 58. g4 f1Q+ 0-1

[Event "GER-ch Net blitz qual2"]
[Site "Playchess.com INT"]
[Date "2020.03.16"]
[Round "2"]
[White "Boschmann, Alexander"]
[Black "Nilius, Uwe"]
[Result "0-1"]
[WhiteElo "1792"]
[BlackElo "1659"]
[PlyCount "136"]
[EventDate "2020.03.16"]
[EventType "swiss (blitz)"]
[EventRounds "9"]
[EventCountry "GER"]
[SourceTitle "CBM 195 Extra"]
[Source "ChessBase"]
[SourceDate "2020.05.31"]
[SourceVersion "1"]
[SourceVersionDate "2020.05.31"]
[SourceQuality "1"]

1. d4 d5 2. c4 c6 3. Nf3 Nf6 4. Nc3 e6 5. Bg5 Be7 6. e3 Nbd7 7. Bd3 h6 8. Bh4 0-0 9. 0-0 b6 10. Rc1 Bb7 11. cxd5 cxd5 12. Bb1 Rc8 13. Qd3 Ne4 14. Bxe7 Qxe7 15. Nd2 Ndf6 16. f3 Nxc3 17. bxc3 g6 18. e4 dxe4 19. fxe4 Rfd8 20. e5 Nh5 21. Qe3 Kg7 22. Rf2 Qa3 23. Rcf1 Rd7 24. Ne4 Rcc7 25. Nf6 Nxf6 26. exf6+ Kh7 27. Rf3 Bxf3 28. Rxf3 Rd5 29. Be4 Rb5 30. g4 Rb2 31. Rh3 Qf8 32. g5 h5 33. Rxh5+ Kg8 34. Rh6 Rxa2 35. Qh3 Ra1+ 36. Kf2 Ra2+ 37. Ke1 Ra1+ 38. Kd2 Ra2+ 39. Kd3 Rxc3+ 40. Kxc3 Ra3+ 41. Kb2 Rxh3 42. Rxh3 Qb4+ 43. Kc2 Qc4+ 44. Kb1 Qb4+ 45. Kc1 Qe1+ 46. Kb2 Qxe4 47. Rc3 Qxd4 48. Kb3 Qd5+ 49. Kc2 Qe4+ 50. Kb2 Qd4 51. Kb3 Qxc3+ 52. Kxc3 Kf8 53. Kb4 Ke8 54. Kb5 Kd7 55. Ka6 Kc6 56. Kxa7 b5 57. Kb8 b4 58. Kc8 b3 59. Kd8 Kd6 60. Ke8 b2 61. Kxf7 b1Q 62. Kg7 Qf5 63. f7 Ke7 64. h4 Qxf7+ 65. Kh6 Qf8+ 66. Kxg6 Qg8+ 67. Kh5 Kf7 68. g6+ Qxg6# 0-1

[Event "GER-ch Net blitz qual2"]
[Site "Playchess.com INT"]
[Date "2020.03.16"]
[Round "8"]
[White "Fabregas, Oliver"]
[Black "Nilius, Uwe"]
[Result "0-1"]
[WhiteElo "1935"]
[BlackElo "1659"]
[PlyCount "98"]
[EventDate "2020.03.16"]
[EventType "swiss (blitz)"]
[EventRounds "9"]
[EventCountry "GER"]
[SourceTitle "CBM 195 Extra"]
[Source "ChessBase"]
[SourceDate "2020.05.31"]
[SourceVersion "1"]
[SourceVersionDate "2020.05.31"]
[SourceQuality "1"]

1. e4 c5 2. Nf3 Nc6 3. d3 d6 4. Nbd2 g6 5. g3 Bg7 6. Bg2 Nf6 7. 0-0 0-0 8. c3 e6 9. a3 a6 10. b4 Rb8 11. Rb1 b5 12. Qe2 Re8 13. Bb2 cxb4 14. cxb4 Bb7 15. d4 e5 16. d5 Ne7 17. Rbc1 Rc8 18. Nb3 Qd7 19. h3 Nh5 20. Rfd1 f5 21. Ng5 Bh6 22. Rxc8 Rxc8 23. Ne6 fxe4 24. Bxe4 Nf6 25. Bg2 Nexd5 26. Na5 Ba8 27. Nc5 dxc5 28. Qxe5 Bg7 29. Qg5 Qf5 30. Qh4 c4 31. Bd4 c3 32. Rc1 c2 33. Nb3 Nc3 34. Bxc3 Rxc3 35. Nd2 Bxg2 36. Kxg2 Qd5+ 37. Kg1 Qxd2 38. Rxc2 Rxc2 39. Qf4 Rc1+ 40. Kg2 Qxf4 41. gxf4 Ne4 42. Kf3 Nc3 43. h4 Nb1 44. a4 bxa4 45. h5 a3 46. f5 gxf5 47. h6 a2 48. hxg7 Kxg7 49. b5 axb5 0-1

[Event "GER-ch Net blitz qual2"]
[Site "Playchess.com INT"]
[Date "2020.03.16"]
[Round "4"]
[White "Nilius, Uwe"]
[Black "Moewisch, Dave"]
[Result "0-1"]
[WhiteElo "1659"]
[BlackElo "1914"]
[PlyCount "52"]
[EventDate "2020.03.16"]
[EventType "swiss (blitz)"]
[EventRounds "9"]
[EventCountry "GER"]
[SourceTitle "CBM 195 Extra"]
[Source "ChessBase"]
[SourceDate "2020.05.31"]
[SourceVersion "1"]
[SourceVersionDate "2020.05.31"]
[SourceQuality "1"]

1. d4 d5 2. Nf3 c5 3. c4 cxd4 4. Qxd4 Nf6 5. Nc3 e6 6. Bg5 Be7 7. e3 Nc6 8. Qh4 0-0 9. Rd1 h6 10. Bxf6 Bxf6 11. Qg3 Bxc3+ 12. bxc3 Qa5 13. cxd5 Qxc3+ 14. Nd2 Nb4 15. e4 Nc2+ 16. Ke2 Qb4 17. Qd3 Nd4+ 18. Ke1 Nc2+ 19. Ke2 Nd4+ 20. Ke1 e5 21. Be2 Bd7 22. Kf1 Rac8 23. a3 Qb2 24. Rb1 Rc1+ 25. Bd1 Rxb1 26. Nxb1 Bb5 0-1

[Event "GER-ch Net blitz qual2"]
[Site "Playchess.com INT"]
[Date "2020.03.16"]
[Round "9"]
[White "Nilius, Uwe"]
[Black "Monninger, Moritz Franz"]
[Result "0-1"]
[WhiteElo "1659"]
[BlackElo "2022"]
[PlyCount "84"]
[EventDate "2020.03.16"]
[EventType "swiss (blitz)"]
[EventRounds "9"]
[EventCountry "GER"]
[SourceTitle "CBM 195 Extra"]
[Source "ChessBase"]
[SourceDate "2020.05.31"]
[SourceVersion "1"]
[SourceVersionDate "2020.05.31"]
[SourceQuality "1"]

1. d4 d5 2. Nf3 Nf6 3. c4 e6 4. Nc3 Be7 5. Bf4 0-0 6. Qc2 b6 7. e3 c5 8. Rd1 Nc6 9. Be2 Re8 10. 0-0 cxd4 11. exd4 dxc4 12. Bxc4 Nb4 13. Qb3 Nbd5 14. Be3 Bb7 15. Ne5 Rc8 16. Bb5 Rf8 17. Rfe1 Nxe3 18. fxe3 a6 19. Bd3 b5 20. Be2 Ne4 21. Bf3 Nxc3 22. bxc3 Bxf3 23. gxf3 Bd6 24. f4 Bxe5 25. dxe5 Qh4 26. Re2 Rfd8 27. Rd6 Qg4+ 28. Kf1 Qf3+ 29. Rf2 Qh1+ 30. Ke2 Rxd6 31. exd6 Qc1 32. f5 Rxc3 33. fxe6 Rxb3 34. exf7+ Kf8 35. d7 Rb2+ 36. Kf3 Rxf2+ 37. Kxf2 Qd2+ 38. Kf3 Qxd7 39. e4 Kxf7 40. Kf4 Kf6 41. e5+ Ke6 42. Ke4 Qd5+ 0-1

[Event "GER-ch Net blitz qual2"]
[Site "Playchess.com INT"]
[Date "2020.03.16"]
[Round "1"]
[White "Nilius, Uwe"]
[Black "Mueller, Wolfgang2222"]
[Result "0-1"]
[WhiteElo "1659"]
[BlackElo "1823"]
[PlyCount "95"]
[EventDate "2020.03.16"]
[EventType "swiss (blitz)"]
[EventRounds "9"]
[EventCountry "GER"]
[SourceTitle "CBM 195 Extra"]
[Source "ChessBase"]
[SourceDate "2020.05.31"]
[SourceVersion "1"]
[SourceVersionDate "2020.05.31"]
[SourceQuality "1"]

1. d4 d5 2. Nf3 Nc6 3. c4 Bg4 4. Nc3 e6 5. e3 dxc4 6. Bxc4 Bd6 7. h3 Bh5 8. g4 Bg6 9. e4 Bb4 10. 0-0 Bxc3 11. bxc3 Bxe4 12. Qb3 Rb8 13. Ne5 Na5 14. Qa4+ c6 15. Be2 f6 16. Nd3 Ne7 17. Ba3 Bd5 18. Bxe7 Kxe7 19. Rfe1 Kf7 20. Rad1 Nc4 21. Nf4 Nb6 22. Qc2 g6 23. f3 Re8 24. c4 e5 25. Nxg6 hxg6 26. cxd5 Nxd5 27. Bc4 exd4 28. Rxe8 Qxe8 29. Bxd5+ cxd5 30. Qc7+ Kg8 31. Qf4 Qe3+ 32. Qxe3 dxe3 33. Rxd5 Re8 34. Kf1 e2+ 35. Ke1 Re3 36. Rd8+ Kh7 37. Rd7+ Kh6 38. Rxb7 Rxf3 39. Kxe2 Ra3 40. Rxa7 Rxa7 41. Ke3 Rxa2 42. Kf4 Ra4+ 43. Kg3 Ra3+ 44. Kf4 Rxh3 45. g5+ fxg5+ 46. Kg4 Rh4+ 47. Kg3 Rf4 48. Kg2 0-1

[Event "GER-ch Net blitz qual2"]
[Site "Playchess.com INT"]
[Date "2020.03.16"]
[Round "3"]
[White "Nilius, Uwe"]
[Black "Sondermann, Dirk"]
[Result "0-1"]
[WhiteElo "1659"]
[BlackElo "1875"]
[PlyCount "46"]
[EventDate "2020.03.16"]
[EventType "swiss (blitz)"]
[EventRounds "9"]
[EventCountry "GER"]
[SourceTitle "CBM 195 Extra"]
[Source "ChessBase"]
[SourceDate "2020.05.31"]
[SourceVersion "1"]
[SourceVersionDate "2020.05.31"]
[SourceQuality "1"]

1. d4 f5 2. c4 Nf6 3. Nc3 d6 4. g3 g6 5. Bg2 Bg7 6. Nh3 0-0 7. 0-0 Nc6 8. Bf4 Nh5 9. e3 Qe8 10. d5 Na5 11. Qd3 b6 12. b4 Nb7 13. Rae1 Nxf4 14. exf4 Bf6 15. Nb5 Qd8 16. Nd4 a5 17. Ne6 Bxe6 18. dxe6 Rb8 19. Bd5 axb4 20. Ng5 Bxg5 21. fxg5 Nc5 22. h4 Qe8 23. f3 Nxd3 0-1